Strategic minerals : a bibliography /

Bibliographic Details
Main Author: Lakos, Amos, 1946-
Other Authors: Cooper, Andrew Fenton, 1950-
Format: Book
Language:English
Published: Waterloo, Ont. : University of Waterloo Library, [1987]
Series:UW Library bibliography ; no. 14.
Subjects:

MARC

Tag First Indicator Second Indicator Subfields
LEADER 00000cam a2200000 a 4500
001 in00000019670
005 20151007053706.0
008 870128s1987 onc b 00110 eng d
010 |a cn 87093448  
015 |a C87-93448-1 
020 |a 0920834442 
035 |a (OCoLC)16183596 
035 |9 AAB2490AM 
040 |a CaOTU  |b eng  |c NLC  |d TXA  |d UtOrBLW 
049 |a TXAM  |c [A12591412] 
050 4 |a Z6736  |b .L34 1987 
082 0 |a 016.3338/5  |2 19 
100 1 |a Lakos, Amos,  |d 1946- 
245 1 0 |a Strategic minerals :  |b a bibliography /  |c by Amos A. Lakos and Andrew F. Cooper. 
263 |a 8702 
264 1 |a Waterloo, Ont. :  |b University of Waterloo Library,  |c [1987] 
264 4 |c ©1987 
300 |a ix, 132 pages ;  |c 23 cm. 
336 |a text  |b txt  |2 rdacontent 
337 |a unmediated  |b n  |2 rdamedia 
338 |a volume  |b nc  |2 rdacarrier 
490 1 |a UW Library bibliography,  |x 0829-948X ;  |v no. 14 
500 |a Includes indexes. 
650 0 |a Strategic materials  |x Bibliography. 
650 0 |a Mines and mineral resources  |v Bibliography. 
700 1 |a Cooper, Andrew Fenton,  |d 1950- 
830 0 |a UW Library bibliography ;  |v no. 14. 
999 |a MARS 
999 f f |s 8ce130e2-81e9-368c-b0dd-6ce64cb7b6c1  |i a542db7d-7993-399c-9e94-5d7183ed4e47  |t 0 
952 f f |p ric  |a Texas A&M University  |b Rellis Campus  |c Joint Library Facility  |d Remote Storage  |t 0  |e Z6736 .L34 1987  |h Library of Congress classification  |i unmediated -- volume  |m A14842638505 
998 f f |a Z6736 .L34 1987  |t 0  |l Remote Storage